| 000 | 00639nam a22001937a 4500 | ||
|---|---|---|---|
| 008 | 160712b xxu||||| |||| 00| 0 eng d | ||
| 020 | _a13: 978-0-324-42149-1 | ||
| 020 | _a10: 0-324-42149-4 | ||
| 082 | _aDC 302 H66m 2008 | ||
| 100 |
_911221 _aHodgetts, Richard M. |
||
| 245 |
_aModern human relations at work/ _cRichard M. Hodgetts and Kathryn W. Hegar. |
||
| 250 | _aTenth edition. | ||
| 260 |
_aAustralia: _bThomson, _cc2008. |
||
| 300 |
_axiii, 621 pages; _c26 cm. |
||
| 500 | _aIncludes bibliographical references and index. | ||
| 650 | 0 |
_911223 _aInterpersonal relations. |
|
| 700 |
_911222 _aHegar, Kathryn W. |
||
| 942 |
_2ddc _cDC |
||
| 999 |
_c3366 _d3366 |
||